Online
Catalog

Guía metodológica para la restauración de ecosistemas degradados y paisajes en la República Dominicana. / (Record no. 49754)

MARC details
000 -CABECERA
campo de control de longitud fija 01893nam a22003617a 4500
003 - IDENTIFICADOR DEL NÚMERO DE CONTROL
campo de control DO-SdBNP
005 - FECHA Y HORA DE LA ÚLTIMA TRANSACCIÓN
campo de control 20250320105109.0
007 - CAMPO FIJO DE DESCRIPCIÓN FÍSICA--INFORMACIÓN GENERAL
campo de control de longitud fija ta
008 - DATOS DE LONGITUD FIJA--INFORMACIÓN GENERAL
campo de control de longitud fija 210419e2020 dr aod|gr||||o00| 0 spa d
020 ## - NÚMERO INTERNACIONAL ESTÁNDAR DEL LIBRO
Número Internacional Estándar del Libro 9789945923513
040 ## - FUENTE DE LA CATALOGACIÓN
Centro catalogador/agencia de origen DO-SdBNP
Lengua de catalogación spa
Centro/agencia transcriptor BNPHU
082 #4 - NÚMERO DE LA CLASIFICACIÓN DECIMAL DEWEY
Número de documento/Ítem R426g
110 1# - ENTRADA PRINCIPAL--NOMBRE DE ENTIDAD CORPORATIVA
Nombre de entidad corporativa o nombre de jurisdicción como elemento de entrada República Dominicana :
Unidad subordinada Ministerio de Medio Ambiente y Recursos Naturales
Término indicativo de función/relación Dirección de Viodiversidad.
9 (RLIN) 66969
245 10 - MENCIÓN DE TÍTULO
Título Guía metodológica para la restauración de ecosistemas degradados y paisajes en la República Dominicana. /
Mención de responsabilidad, etc. Adolfo José Lopez Belando; Fotografías: José Manuel Matos,...[et. al.]
260 ## - PUBLICACIÓN, DISTRIBUCIÓN, ETC.
Lugar de publicación, distribución, etc. Santo Domingo :
Nombre del editor, distribuidor, etc. Ministerio de Medio Ambiente y Recursos Naturales,
Fecha de publicación, distribución, etc. 2020
300 ## - DESCRIPCIÓN FÍSICA
Extensión 84 p. :
Otras características físicas il., fotografías, diagramas ;
Dimensiones 22 cm
504 ## - NOTA DE BIBLIOGRAFÍA, ETC.
Nota de bibliografía, etc. Bibiografíasp .62-67
505 1# - NOTA DE CONTENIDO CON FORMATO
Nota de contenido con formato Presentación--
Título I- Introducción--
-- II - Marco conceptual de la restauración ecológica --
-- III - Marco internacional de la restauración ecológica --
-- IV - Marco nacional de la restauración ecológica --
-- V - Modelo de restauración ecológica del Ministerio de Medio Ambiente en la República Dominicana --
-- VI - Referencias Bibliográficas --
-- VII - Anexos.
590 ## - NOTA LOCAL (RLIN)
Nota local Inventariado, 2021/ MF
650 #7 - PUNTO DE ACCESO ADICIONAL DE MATERIA--TÉRMINO DE MATERIA
9 (RLIN) 79518
Término de materia o nombre geográfico como elemento de entrada Conservación del medio ambiente
Subdivisión general Guía
Subdivisión geográfica República Dominicana
Fuente del encabezamiento o término LEMB
650 #4 - PUNTO DE ACCESO ADICIONAL DE MATERIA--TÉRMINO DE MATERIA
9 (RLIN) 79519
Término de materia o nombre geográfico como elemento de entrada Protección del medio ambiente
Subdivisión general Guía
Subdivisión geográfica República Dominicana
650 #4 - PUNTO DE ACCESO ADICIONAL DE MATERIA--TÉRMINO DE MATERIA
9 (RLIN) 11808
Término de materia o nombre geográfico como elemento de entrada Ecosistema
Subdivisión general Guía
Subdivisión geográfica República Dominicana
650 #4 - PUNTO DE ACCESO ADICIONAL DE MATERIA--TÉRMINO DE MATERIA
9 (RLIN) 30020
Término de materia o nombre geográfico como elemento de entrada Gestion Ambiental
Subdivisión general Guía
700 1# - PUNTO DE ACCESO ADICIONAL--NOMBRE DE PERSONA
9 (RLIN) 74644
Nombre de persona López Belando, Adolfo José
700 1# - PUNTO DE ACCESO ADICIONAL--NOMBRE DE PERSONA
Nombre de persona Matos, José Manuel
Término indicativo de función/relación fotogr.
9 (RLIN) 83115
700 1# - PUNTO DE ACCESO ADICIONAL--NOMBRE DE PERSONA
Nombre de persona Peña, Juana
Término indicativo de función/relación fotogr.
9 (RLIN) 83116
700 1# - PUNTO DE ACCESO ADICIONAL--NOMBRE DE PERSONA
Nombre de persona Marcelino, Elvis
Término indicativo de función/relación fotogr.
9 (RLIN) 83121
700 1# - PUNTO DE ACCESO ADICIONAL--NOMBRE DE PERSONA
Nombre de persona Franco, Fátima
Término indicativo de función/relación fotogr.
9 (RLIN) 83122
710 2# - PUNTO DE ACCESO ADICIONAL--NOMBRE DE ENTIDAD CORPORATIVA
Nombre de entidad corporativa o nombre de jurisdicción como elemento de entrada Fondo para el Desarrollo Verde (SICA)
9 (RLIN) 75000
710 2# - PUNTO DE ACCESO ADICIONAL--NOMBRE DE ENTIDAD CORPORATIVA
Nombre de entidad corporativa o nombre de jurisdicción como elemento de entrada Unión Europea
9 (RLIN) 50712
910 ## - DATOS DE OPCIÓN DEL USUARIO (OCLC)
Datos de opción del usuario Mfeliz
942 ## - ELEMENTOS DE PUNTO DE ACCESO ADICIONAL (KOHA)
Fuente del sistema de clasificación o colocación Dewey Decimal Classification
Tipo de ítem Koha Libro
Holdings
Estado de retiro Estado de pérdida Fuente del sistema de clasificación o colocación Restricciones de uso No para préstamo Código de colección Localización permanente Ubicación/localización actual Ubicación en estantería Fecha de adquisición Fuente de adquisición Signatura topográfica completa Código de barras Fecha visto por última vez Precio válido a partir de Tipo de ítem Koha Número de copia Total de préstamos
    Dewey Decimal Classification Excluido de préstamo   Patrimonio Dominicano Biblioteca Nacional Pedro Henríquez Ureña Biblioteca Nacional Pedro Henríquez Ureña En catalogación 26.03.2021 Depósito Legal / Búho R426g 2021-1491 19.04.2021 19.04.2021 Libro    
    Dewey Decimal Classification Excluido de préstamo   Patrimonio Dominicano Biblioteca Nacional Pedro Henríquez Ureña Biblioteca Nacional Pedro Henríquez Ureña En catalogación 26.03.2021 Depósito Legal / Búho R426g 2021-1492 19.04.2021 19.04.2021 Libro e.2  
    Dewey Decimal Classification Préstamo en sala   Dominicana de Servicio Biblioteca Nacional Pedro Henríquez Ureña Biblioteca Nacional Pedro Henríquez Ureña En catalogación 15.02.2023 Depósito Legal / Búho R426g 2021-1493 19.04.2021 19.04.2021 Libro e.3  
    Dewey Decimal Classification Préstamo en sala   Dominicana de Servicio Biblioteca Nacional Pedro Henríquez Ureña Biblioteca Nacional Pedro Henríquez Ureña En catalogación 16.07.2021 Donado por Medio Ambiente R426g 2023-0941 15.02.2023 15.02.2023 Libro e.4  
    Dewey Decimal Classification Préstamo en sala   Dominicana de Servicio Biblioteca Nacional Pedro Henríquez Ureña Biblioteca Nacional Pedro Henríquez Ureña En catalogación 06.07.2021 Donado por Medio Ambiente R426g 2023-0942 15.02.2023 15.02.2023 Libro e.5  

Powered by Koha